The Influence of Slip Condition on Tank Drainage for Third Order Fluid by Using Adomian Decomposition Method (Thesis MS) (Record no. 69103)

MARC details
000 -LEADER
fixed length control field 00386nam a22001097a 4500
100 ## - MAIN ENTRY--AUTHOR NAME
Personal name Mushraf Ali
-- 21-MSM-10
-- Supervisor - Dr. Kamran Nazir Memon
245 ## - TITLE STATEMENT
Title The Influence of Slip Condition on Tank Drainage for Third Order Fluid by Using Adomian Decomposition Method (Thesis MS)
260 ## - PUBLICATION, DISTRIBUTION, ETC. (IMPRINT)
Place of publication Nawabshah
Name of publisher QUEST
Year of publication 2024
300 ## - PHYSICAL DESCRIPTION
Number of Pages 85p.
942 ## - ADDED ENTRY ELEMENTS (KOHA)
Koha item type Thesis and Dissertation
Holdings
Withdrawn status Lost status Home library Current library Date acquired Accession Number Koha item type
    Research Section Research Section 29/06/2026 MP/102-1511 Thesis and Dissertation
    Research Section Research Section 29/06/2026 MP/102-1512 Thesis and Dissertation